High productivity through low frequency tapping (Record no. 60398)

MARC details
000 -LEADER
fixed length control field 00319nam a2200121Ia 4500
245 #0 - TITLE STATEMENT
Title High productivity through low frequency tapping
260 ## - PUBLICATION, DISTRIBUTION, ETC. (IMPRINT)
Name of publisher Rubber Asia
Year of publication 2000
300 ## - PHYSICAL DESCRIPTION
Number of Pages 57-59
650 ## - SUBJECT ADDED ENTRY--TOPICAL TERM
Topical Term Low frequency tapping
650 ## - SUBJECT ADDED ENTRY--TOPICAL TERM
Topical Term Yield performance
942 ## - ADDED ENTRY ELEMENTS (KOHA)
Koha item type Journals
Holdings
Withdrawn status Lost status Damaged status Not for loan Home library Current library Shelving location Date acquired Serial Enumeration / chronology Koha item type
      Journals RRII Library RRII Library Physiology 17/12/2021 Volume 14, Issue 3 Journals